[Event "OLNO 1718 FHSH Stralsund - SC Rotation"]
[Site "?"]
[Date "2018.03.18"]
[Round "8.7"]
[White "Mueller, Michael"]
[Black "Vietinghoff, Klaus"]
[Result "1-0"]
[WhiteElo "2273"]
[BlackElo "1796"]
[PlyCount "41"]
[EventDate "2018.??.??"]

1. d4 f5 2. Nf3 Nf6 3. g3 d5 4. Bg2 c6 5. O-O e6 6. c4 Be7 7. b3 O-O 8. Bb2 Qe8
9. Ne5 Nbd7 10. Nd3 Qf7 11. Nd2 g5 12. f3 h5 13. e4 Qg7 14. Qe2 h4 15. gxh4
gxh4 16. Kh1 Kh8 17. Bh3 Qh7 18. Nf4 dxe4 19. fxe4 Nxe4 20. Nxe4 fxe4 21. Nxe6
1-0

[Event "OLNO 1718 TuS Makkabi Berlin - SC Weiss"]
[Site "?"]
[Date "2018.03.18"]
[Round "8.1"]
[White "Waldmann, Hans-Joachim"]
[Black "Sawlin, Leonid"]
[Result "0-1"]
[WhiteElo "2290"]
[BlackElo "2359"]
[PlyCount "124"]
[EventDate "2018.??.??"]

1. d4 Nf6 2. c4 e6 3. Nc3 d5 4. Bg5 Be7 5. e3 c6 6. Nf3 Nbd7 7. Qc2 O-O 8. Rd1
Re8 9. Be2 Nf8 10. O-O b6 11. Ne5 Bb7 12. Bf3 N6d7 13. Bxe7 Qxe7 14. Nxd7 Nxd7
15. b3 Rac8 16. e4 dxc4 17. bxc4 e5 18. Bg4 Rc7 19. Bxd7 Qxd7 20. dxe5 Qe6 21.
Ne2 Qxe5 22. Ng3 Bc8 23. Rfe1 h5 24. Re3 Bg4 25. f3 Qc5 26. Qf2 Rd7 27. Rxd7
Bxd7 28. Rc3 Re5 29. Nf1 Be6 30. Nd2 Qd6 31. Nb3 f5 32. Qd4 Qc7 33. exf5 c5 34.
Qf2 Qd6 35. Nd2 Bxf5 36. Re3 Qe7 37. Nf1 Bg6 38. Qd2 Bf7 39. Rxe5 Qxe5 40. Ne3
Qd4 41. Qe2 h4 42. Kf1 a6 43. Ke1 b5 44. cxb5 axb5 45. a3 c4 46. Qd2 Qa1+ 47.
Kf2 Qxa3 48. Qd8+ Qf8 49. Qxh4 Qd6 50. Qg5 Qd2+ 51. Kg3 b4 52. Qc5 Qe1+ 53. Kg4
b3 54. Kg5 g6 55. Qd4 Qa5+ 56. Kf6 c3 57. Ng4 Qf5+ 58. Ke7 Qe6+ 59. Kd8 Qd5+
60. Qxd5 Bxd5 61. Nf6+ Kf7 62. Nxd5 c2 0-1

[Event "OLNO 1718 TuS Makkabi Berlin - SC Weiss"]
[Site "?"]
[Date "2018.03.18"]
[Round "8.2"]
[White "Kiesekamp, Marcos"]
[Black "Moeller, Hendrik"]
[Result "0-1"]
[WhiteElo "2306"]
[BlackElo "2273"]
[PlyCount "22"]
[EventDate "2018.??.??"]

1. e4 c6 2. d4 d5 3. e5 c5 4. dxc5 e6 5. a3 Nc6 6. Nf3 Bxc5 7. b4 Bb6 8. Bd3 f6
9. O-O fxe5 10. Nxe5 Nxe5 11. Qh5+ Nf7 0-1

[Event "OLNO 1718 TuS Makkabi Berlin - SC Weiss"]
[Site "?"]
[Date "2018.03.18"]
[Round "8.3"]
[White "Uhl, Heinz"]
[Black "Gazmaga, Stefan"]
[Result "0-1"]
[WhiteElo "2151"]
[BlackElo "2146"]
[PlyCount "98"]
[EventDate "2018.??.??"]

1. c4 g6 2. Nc3 Bg7 3. g3 e5 4. Bg2 Ne7 5. e3 O-O 6. Nge2 d6 7. O-O c6 8. d3 a5
9. Rb1 Be6 10. h3 Qc8 11. Kh2 Nd7 12. Ne4 f5 13. Ng5 Nf6 14. Bd2 Bd7 15. Bc3 h6
16. Nf3 c5 17. Nd2 g5 18. f4 Ng6 19. Qb3 Bc6 20. fxe5 dxe5 21. Bd5+ Kh7 22.
Bxc6 bxc6 23. Qa3 Nd7 24. Bxa5 f4 25. exf4 exf4 26. gxf4 Nxf4 27. Nxf4 Be5 28.
d4 Bxf4+ 29. Rxf4 Qb8 30. Qd3+ Kg7 31. Bc3 Qxf4+ 32. Kh1 Qf5 33. dxc5+ Kg8 34.
Qg3 Nxc5 35. Rf1 Qd3 36. Qxd3 Nxd3 37. Ra1 Rf2 38. Kg1 Re8 39. a4 Ree2 40. Rd1
Rg2+ 41. Kh1 Nf2+ 42. Kxg2 Nxd1+ 43. Kf1 Nxc3 44. Nb1 Rxb2 45. Nxc3 Rc2 46. Ne4
Rxc4 47. Nf6+ Kg7 48. Ne8+ Kf8 49. Nd6 Rxa4 0-1

[Event "OLNO 1718 TuS Makkabi Berlin - SC Weiss"]
[Site "?"]
[Date "2018.03.18"]
[Round "8.4"]
[White "Krefenstein, Sergej"]
[Black "Venske, Kai-Gerrit"]
[Result "1-0"]
[WhiteElo "2144"]
[BlackElo "2183"]
[PlyCount "111"]
[EventDate "2018.??.??"]

1. d4 f5 2. Nc3 d5 3. Bf4 a6 4. e3 e6 5. Nf3 Nf6 6. Bd3 c5 7. Ne5 Nc6 8. O-O
cxd4 9. Nxc6 bxc6 10. exd4 c5 11. dxc5 Bxc5 12. Na4 Bd6 13. Bxd6 Qxd6 14. Qe2
Bd7 15. Nc3 O-O 16. Rae1 Rfe8 17. Qe5 Qb6 18. Ne2 Rab8 19. b3 Ng4 20. Qd4 Qd6
21. f4 a5 22. c4 Rb4 23. Nc3 Rc8 24. h3 Nf6 25. Rb1 Qb8 26. Qe3 a4 27. Nb5 axb3
28. axb3 Ne4 29. Nd4 Qb6 30. Rfe1 Rb8 31. Rbc1 Kh8 32. Kh2 h6 33. Bxe4 fxe4 34.
c5 Qc7 35. c6 Bc8 36. Kh1 e5 37. fxe5 Qxe5 38. Red1 R8b6 39. Ra1 Ba6 40. Rac1
Qd6 41. c7 Bc8 42. Rf1 Kg8 43. Qc3 g6 44. Rf2 Rb7 45. Rcf1 Rxd4 46. Qxd4 Rxc7
47. Rf6 Qe7 48. Rxg6+ Kh7 49. Rgf6 Rd7 50. Rf8 Qg7 51. Qxg7+ Kxg7 52. Rxc8 e3
53. Re8 d4 54. Rd1 Kf6 55. Kg1 Kf5 56. Rxe3 1-0

[Event "OLNO 1718 TuS Makkabi Berlin - SC Weiss"]
[Site "?"]
[Date "2018.03.18"]
[Round "8.6"]
[White "Emig, Edgar"]
[Black "Mohrmann, Ralf"]
[Result "1/2-1/2"]
[WhiteElo "2137"]
[BlackElo "2074"]
[PlyCount "143"]
[EventDate "2018.??.??"]

1. e4 d6 2. d4 Nf6 3. Nc3 g6 4. h3 c6 5. Nf3 Bg7 6. Bg5 O-O 7. a4 Nbd7 8. Bc4
Qc7 9. O-O e5 10. dxe5 dxe5 11. Qd2 a5 12. Rfd1 Nc5 13. Qe3 b6 14. Rd2 Be6 15.
Bxe6 Nxe6 16. Rad1 Rfd8 17. Rxd8+ Rxd8 18. Rxd8+ Nxd8 19. Nd2 Ne6 20. Nc4 Nxg5
21. Qxg5 Nd7 22. Qe7 Bf8 23. Qe8 Kg7 24. b3 Bb4 25. Nd1 b5 26. axb5 cxb5 27.
Nce3 Nf6 28. Qxb5 Nxe4 29. Qd3 Nc3 30. Nxc3 Qxc3 31. Qxc3 Bxc3 32. Nd5 Bb2 33.
c4 Bd4 34. Kf1 f5 35. Ke2 Kf7 36. Nc7 Ke7 37. Nb5 Bb6 38. f3 Kd7 39. Kd3 Kc6
40. Nc3 Kd6 41. g4 Bd8 42. Nd5 Kc5 43. gxf5 gxf5 44. Ne3 e4+ 45. fxe4 fxe4+ 46.
Kxe4 Kb4 47. Kd3 Kxb3 48. c5 a4 49. Nc2 h5 50. c6 h4 51. Na1+ Kb2 52. Nc2 Ba5
53. Ne3 Kb3 54. Nc4 Bc7 55. Kd4 Kb4 56. Kd5 Bb8 57. Kd4 Kb5 58. Kd5 Bf4 59.
Nd6+ Kb6 60. Nc4+ Kc7 61. Kc5 a3 62. Nxa3 Bd6+ 63. Kd5 Bxa3 64. Ke4 Kxc6 65.
Kf3 Kd5 66. Kg4 Be7 67. Kf3 Kd4 68. Kf4 Kd3 69. Kf3 Bd6 70. Kf2 Bg3+ 71. Kf3
Kd2 72. Kg2 1/2-1/2

[Event "OLNO 1718 TuS Makkabi Berlin - SC Weiss"]
[Site "?"]
[Date "2018.03.18"]
[Round "8.7"]
[White "Lenhardt, Manfred"]
[Black "Fliter, Irena"]
[Result "1-0"]
[WhiteElo "2050"]
[BlackElo "2095"]
[PlyCount "79"]
[EventDate "2018.??.??"]

1. d4 d6 2. Nf3 g6 3. g3 Bg7 4. Bg2 Nf6 5. O-O O-O 6. c4 c6 7. Nc3 Na6 8. h3
Nc7 9. e4 Rb8 10. Be3 b5 11. e5 Nd7 12. exd6 exd6 13. Nd2 bxc4 14. Bxc6 Nb6 15.
Bg2 Bb7 16. Bxb7 Rxb7 17. b3 cxb3 18. Qf3 d5 19. axb3 Qd7 20. Kg2 Ne6 21. Ra5
Rd8 22. Ne2 Qd6 23. Rfa1 Rdd7 24. R1a2 Qb4 25. Qg4 Bf6 26. h4 h5 27. Qf3 Bg7
28. g4 Qe7 29. gxh5 Qxh4 30. hxg6 fxg6 31. Qg3 Qxg3+ 32. Kxg3 Bf8 33. Rc2 Bd6+
34. Kg4 Rh7 35. Nf3 Rh5 36. Rc6 Rd7 37. Rxa7 Rxa7 38. Rxd6 Ra2 39. Rxe6 Rxe2
40. Rxg6+ 1-0

[Event "OLNO 1718 TuS Makkabi Berlin - SC Weiss"]
[Site "?"]
[Date "2018.03.18"]
[Round "8.8"]
[White "Schmidt, Jevgen"]
[Black "Gelman, Josef"]
[Result "1-0"]
[WhiteElo "1822"]
[BlackElo "2007"]
[PlyCount "157"]
[EventDate "2018.??.??"]

1. Nf3 Nf6 2. d4 e6 3. c4 d5 4. Nc3 Bb4 5. cxd5 Bxc3+ 6. bxc3 exd5 7. Ba3 Nc6
8. e3 Ne7 9. Bd3 O-O 10. O-O Bg4 11. c4 Re8 12. Rb1 Rb8 13. h3 Bh5 14. g4 Bg6
15. Ne5 Bxd3 16. Qxd3 Ng6 17. Nf3 Qd7 18. Kh1 h5 19. Qf5 hxg4 20. hxg4 dxc4 21.
Rb5 Ne7 22. Bxe7 Rxe7 23. a4 Nxg4 24. Qxd7 Rxd7 25. Rg5 Nh6 26. Ne5 Re7 27.
Nxc4 f6 28. Rb5 a6 29. Rb2 c5 30. d5 b5 31. Rfb1 Re4 32. Rc2 Rd8 33. axb5 axb5
34. Nb6 f5 35. Rxb5 f4 36. exf4 Rxf4 37. Rbxc5 Ng4 38. Kg2 Rb4 39. Nc8 Rd7 40.
Re2 Rd4 41. d6 R7xd6 42. Nxd6 Rxd6 43. Rg5 Nh6 44. Re7 Nf7 45. Rh5 Nh6 46. Ra7
Rg6+ 47. Kf1 Kh7 48. Re5 Rg4 49. Ra3 Nf7 50. Rh3+ Nh6 51. Rg3 Rh4 52. Reg5 g6
53. Rxg6 Nf5 54. Rg1 Rh2 55. R6g5 Nd4 56. Rg7+ Kh8 57. Rg8+ Kh7 58. R1g7+ Kh6
59. Rh8+ Kxg7 60. Rxh2 Kf6 61. Rh4 Ke5 62. Kg2 Ne6 63. Kg3 Kf5 64. Ra4 Nc7 65.
Ra5+ Kf6 66. Kg4 Ke6 67. Kg5 Ne8 68. f4 Kf7 69. Ra7+ Kf8 70. f5 Nd6 71. f6 Nf7+
72. Kf4 Nd6 73. Rd7 Nf7 74. Kf5 Ke8 75. Ra7 Nd8 76. Ra8 Kf7 77. Ra7+ Ke8 78.
Kg6 Ne6 79. Re7+ 1-0

[Event "OLNO 1718 SK Koenig Tegel II - SV Empor"]
[Site "?"]
[Date "2018.03.18"]
[Round "8.1"]
[White "Foerster, Jonas"]
[Black "Berger, Steve"]
[Result "1/2-1/2"]
[WhiteElo "2274"]
[BlackElo "2432"]
[PlyCount "55"]
[EventDate "2018.??.??"]

1. d4 e6 2. c4 Nf6 3. Nf3 d5 4. Nc3 c5 5. cxd5 Nxd5 6. e4 Nxc3 7. bxc3 cxd4 8.
cxd4 Bb4+ 9. Bd2 Bxd2+ 10. Qxd2 O-O 11. Be2 b6 12. O-O Bb7 13. Qe3 Nd7 14. Rac1
Rc8 15. Bd3 Rxc1 16. Rxc1 Qa8 17. Nd2 Rc8 18. Rxc8+ Qxc8 19. Nc4 Qc6 20. h3 Ba6
21. Ne5 Nxe5 22. Bxa6 Nc4 23. Qg5 f6 24. Qf4 e5 25. Qf5 b5 26. Bc8 Nd6 27. Qe6+
Kf8 28. Kh2 1/2-1/2

[Event "OLNO 1718 SK Koenig Tegel II - SV Empor"]
[Site "?"]
[Date "2018.03.18"]
[Round "8.2"]
[White "Giemsa, Stephan"]
[Black "Urban, Julian"]
[Result "1/2-1/2"]
[WhiteElo "2281"]
[BlackElo "2249"]
[PlyCount "74"]
[EventDate "2018.??.??"]

1. d4 e6 2. c4 b6 3. e4 Bb7 4. Bd3 Nc6 5. Ne2 Nb4 6. Nbc3 Nxd3+ 7. Qxd3 Bb4 8.
O-O Bxc3 9. Nxc3 Ne7 10. b3 O-O 11. Ba3 d6 12. Rad1 Qd7 13. Rfe1 Ng6 14. Qg3
Rfe8 15. h4 h6 16. h5 Nf8 17. e5 dxe5 18. dxe5 Qc6 19. Rd4 Nh7 20. Rg4 Kh8 21.
Bc1 Rg8 22. Rd1 Rae8 23. Rgd4 g6 24. Ne4 gxh5 25. Qf3 Rg4 26. Qxf7 Rxe4 27.
Rxe4 Rf8 28. Qxh5 Qxe4 29. f3 Qe2 30. Rd7 Be4 31. Qxh6 Rg8 32. Rxh7+ Bxh7 33.
Qf6+ Rg7 34. Qd8+ Bg8 35. Qh4+ Bh7 36. Qd8+ Bg8 37. Qh4+ Bh7 1/2-1/2

[Event "OLNO 1718 SK Koenig Tegel II - SV Empor"]
[Site "?"]
[Date "2018.03.18"]
[Round "8.3"]
[White "Meissner, Hans-Juergen"]
[Black "Lorenz, Sascha"]
[Result "0-1"]
[WhiteElo "2252"]
[BlackElo "2229"]
[PlyCount "62"]
[EventDate "2018.??.??"]

1. d4 d5 2. c4 dxc4 3. Nf3 Nf6 4. e3 b5 5. a4 b4 6. Bxc4 e6 7. O-O Bb7 8. Bb5+
Nbd7 9. Nbd2 a6 10. Bc4 c5 11. b3 cxd4 12. Nxd4 Nc5 13. Bb2 Bd6 14. Qe2 O-O 15.
Rfd1 Qc7 16. Nf1 Rfe8 17. Rac1 e5 18. Nf5 Bf8 19. f3 g6 20. N5g3 Qb6 21. Nh1 a5
22. Nf2 Ba6 23. Bxa6 Qxa6 24. Qxa6 Rxa6 25. Nd2 Rae6 26. Kf1 Rd8 27. Rc2 Nfd7
28. Ke2 f5 29. Rb1 Rc6 30. Ba1 Rdc8 31. Rbc1 Nxb3 0-1

[Event "OLNO 1718 SK Koenig Tegel II - SV Empor"]
[Site "?"]
[Date "2018.03.18"]
[Round "8.4"]
[White "Dimitrijeski, Kristian"]
[Black "Atkinson, Paul"]
[Result "1/2-1/2"]
[WhiteElo "2184"]
[BlackElo "2181"]
[PlyCount "87"]
[EventDate "2018.??.??"]

1. d4 Nf6 2. c4 e6 3. Nc3 d5 4. cxd5 exd5 5. Bg5 Be7 6. e3 O-O 7. Bd3 Nbd7 8.
Nf3 c6 9. Qc2 Re8 10. O-O Nf8 11. h3 Ne4 12. Bf4 Nxc3 13. bxc3 Bd6 14. Bxd6
Qxd6 15. a4 Qf6 16. Ne5 Qh6 17. Bf5 f6 18. Bxc8 Raxc8 19. Nf3 Qg6 20. Qb3 Qf7
21. a5 Rc7 22. Rfc1 Nd7 23. c4 dxc4 24. Qxc4 Qxc4 25. Rxc4 b5 26. axb6 axb6 27.
Rac1 c5 28. dxc5 bxc5 29. Nd4 Rb7 30. Nf5 Re6 31. Rd1 g6 32. Nd6 Rc7 33. Nb5
Rb7 34. Nc3 Rc6 35. Ne4 f5 36. Nd6 Ra7 37. Nb5 Rb7 38. Nd6 Ra7 39. Nb5 Rb7 40.
Nd6 Ra7 41. Nb5 Rb7 42. Nd6 Ra7 43. Nb5 Rb7 44. Nd6 1/2-1/2

[Event "OLNO 1718 SK Koenig Tegel II - SV Empor"]
[Site "?"]
[Date "2018.03.18"]
[Round "8.5"]
[White "Nitsche-Hahn, Raphael"]
[Black "Anibar, Ahmed"]
[Result "1-0"]
[WhiteElo "2019"]
[BlackElo "2282"]
[PlyCount "49"]
[EventDate "2018.??.??"]

1. d4 Nf6 2. Bf4 g6 3. e3 Bg7 4. Be2 d6 5. h3 O-O 6. Nf3 b6 7. O-O Bb7 8. c4
Nbd7 9. Nc3 Re8 10. Bh2 e5 11. Rc1 e4 12. Nd2 h5 13. b4 a6 14. Qb3 c5 15. dxc5
dxc5 16. Rfd1 cxb4 17. Qxb4 Bf8 18. Qb2 Qe7 19. Na4 Bg7 20. Qb1 Nc5 21. Nxc5
bxc5 22. Nb3 Rad8 23. Nxc5 Bc8 24. Qb6 Bf8 25. Nb3 1-0

[Event "OLNO 1718 SK Koenig Tegel II - SV Empor"]
[Site "?"]
[Date "2018.03.18"]
[Round "8.6"]
[White "Niehaus, Frank"]
[Black "Welz, Peter"]
[Result "1/2-1/2"]
[WhiteElo "2189"]
[BlackElo "1999"]
[PlyCount "55"]
[EventDate "2018.??.??"]

1. e4 e6 2. d4 d5 3. exd5 exd5 4. c4 Nf6 5. Nc3 c6 6. Nf3 Be7 7. Bd3 O-O 8. O-O
Bg4 9. Be3 Nbd7 10. Re1 dxc4 11. Bxc4 Nb6 12. Bb3 Nbd5 13. Bg5 h6 14. Bh4 Nxc3
15. bxc3 Nd5 16. Bxe7 Nxe7 17. Qd3 Bf5 18. Qd2 Qd6 19. Ne5 Ng6 20. Re2 Nxe5 21.
Rxe5 Bd7 22. Rae1 Rae8 23. f4 Rxe5 24. fxe5 Qe7 25. Qe3 b5 26. a4 a6 27. axb5
axb5 28. e6 1/2-1/2

[Event "OLNO 1718 SK Koenig Tegel II - SV Empor"]
[Site "?"]
[Date "2018.03.18"]
[Round "8.7"]
[White "Silz, Elisa"]
[Black "Jahnz, Fabian"]
[Result "0-1"]
[WhiteElo "1998"]
[BlackElo "2240"]
[PlyCount "76"]
[EventDate "2018.??.??"]

1. d4 d5 2. c4 dxc4 3. Nf3 Nf6 4. e3 Bg4 5. Bxc4 e6 6. O-O Nc6 7. Nc3 Bd6 8.
Bb5 O-O 9. Bxc6 bxc6 10. e4 Nd7 11. h3 Bh5 12. Qd3 c5 13. d5 Qf6 14. g4 Bg6 15.
Bg5 Ne5 16. Nxe5 Qxe5 17. f4 Qd4+ 18. Qxd4 cxd4 19. Nb5 Bxe4 20. Nxd6 cxd6 21.
dxe6 fxe6 22. Be7 Rfb8 23. b3 d5 24. Rac1 Rc8 25. b4 Rc3 26. Kh2 Rac8 27. Bc5
a5 28. a3 axb4 29. axb4 Ra8 30. Ra1 Rc2+ 31. Kg3 Rxa1 32. Rxa1 d3 33. Ra8+ Kf7
34. Rf8+ Kg6 35. h4 h5 36. gxh5+ Kh7 37. Bd4 Rg2+ 38. Kh3 d2 0-1

[Event "OLNO 1718 SK Koenig Tegel II - SV Empor"]
[Site "?"]
[Date "2018.03.18"]
[Round "8.8"]
[White "Jaeger, Tobias"]
[Black "Nitsche, Nikolai"]
[Result "1/2-1/2"]
[WhiteElo "2116"]
[BlackElo "1780"]
[PlyCount "150"]
[EventDate "2018.??.??"]

1. d4 d5 2. Bf4 Bf5 3. c4 e6 4. Nc3 Nf6 5. e3 c6 6. Qb3 Qc8 7. Nf3 Be7 8. Nh4
Bg6 9. Nxg6 hxg6 10. h3 Nbd7 11. Bh2 g5 12. Be2 dxc4 13. Qxc4 b5 14. Qd3 a6 15.
O-O c5 16. d5 c4 17. Qd1 Nxd5 18. Nxd5 exd5 19. Qxd5 O-O 20. Bg4 Ra7 21. Rfd1
Rd8 22. Bh5 Rf8 23. Rac1 Qc5 24. Qd2 Nf6 25. Bf3 Rd7 26. Qa5 Qa7 27. Bc6 Bd8
28. Qc3 Rxd1+ 29. Rxd1 Bc7 30. Be5 Bxe5 31. Qxe5 Rc8 32. Bf3 Qc5 33. Rd8+ Kh7
34. Be4+ Nxe4 35. Qxe4+ f5 36. Qd5 Qxd5 37. Rxd5 b4 38. Kf1 Rc6 39. Ke2 Kg6 40.
Kd2 Kf6 41. Kc2 Ke6 42. Ra5 g6 43. g4 Kf6 44. a3 bxa3 45. Rxa3 Ke5 46. f3 Kd5
47. Ra5+ Ke6 48. Kc3 Rb6 49. Kxc4 Rxb2 50. Rxa6+ Kf7 51. e4 Rh2 52. Kd5 fxe4
53. fxe4 Rxh3 54. Ra7+ Kg8 55. e5 Rg3 56. Ra4 Rf3 57. e6 Kf8 58. Ke5 Ke7 59.
Ra7+ Kf8 60. Rd7 Rf4 61. Rd4 Ke7 62. Rd7+ Kf8 63. Kd6 Rd4+ 64. Kc7 Re4 65. Rf7+
Ke8 66. Kd6 Rd4+ 67. Ke5 Rxg4 68. Rg7 Rg1 69. Kf6 Rf1+ 70. Kxg5 Rg1+ 71. Kf6
Rf1+ 72. Kxg6 Rg1+ 73. Kf6 Rxg7 74. Kxg7 Ke7 75. Kh8 Kxe6 1/2-1/2

[Event "OLNO 1718 LOK RAW Cottbus - TSG Obersch"]
[Site "?"]
[Date "2018.03.18"]
[Round "8.1"]
[White "Rosenthal, Dirk"]
[Black "Kapp, Martin"]
[Result "0-1"]
[WhiteElo "2411"]
[BlackElo "2225"]
[PlyCount "125"]
[EventDate "2018.??.??"]

1. e4 e6 2. d4 d5 3. Nc3 Nf6 4. Bg5 Bb4 5. e5 h6 6. Be3 Ne4 7. Qg4 Bxc3+ 8.
bxc3 Kf8 9. Bd3 Nxc3 10. Nf3 Bd7 11. h4 Bb5 12. Rh3 Bxd3 13. cxd3 Nc6 14. Rg3
g6 15. h5 Ne7 16. hxg6 Nxg6 17. Rh3 Ke8 18. Bxh6 Kd7 19. Bd2 Na4 20. Ng5 Rxh3
21. gxh3 Qe7 22. h4 Rg8 23. Ke2 f6 24. Nf3 f5 25. Qg3 Qa3 26. h5 Ne7 27. Qh2
Nc6 28. Rc1 Nb4 29. Ne1 Nxa2 30. Rc2 N2c3+ 31. Kf1 Nb5 32. Be3 Qf8 33. h6 f4
34. Bxf4 Nxd4 35. Ra2 Nc3 36. Rb2 a5 37. f3 a4 38. Rg2 Rh8 39. Rg7+ Kc8 40. Qd2
Ncb5 41. Qa5 Kb8 42. Be3 b6 43. Qxa4 Nxf3 44. Rg2 Nd2+ 45. Kg1 Qf1+ 46. Kh2
Qxe1 47. Bxd2 Qxe5+ 48. Kh1 Nd4 49. Qd1 Qf5 50. Qg4 Qf1+ 51. Rg1 Qxd3 52. Rd1
Nf3 53. Qg7 Rh7 54. Qf8+ Kb7 55. Ra1 Kc6 56. Qe8+ Kd6 57. Bf4+ e5 58. Rc1 c5
59. Qd8+ Ke6 60. Qg8+ Kf6 61. Rg1 exf4 62. Qd8+ Ke5 63. Qb8+ 0-1

[Event "OLNO 1718 LOK RAW Cottbus - TSG Obersch"]
[Site "?"]
[Date "2018.03.18"]
[Round "8.2"]
[White "Manigk, Sebastian"]
[Black "Schoewel, Matthias"]
[Result "1-0"]
[WhiteElo "2236"]
[BlackElo "2241"]
[PlyCount "69"]
[EventDate "2018.??.??"]

1. e4 e5 2. Nf3 Nc6 3. Nc3 d6 4. d4 Bd7 5. Bb5 Nf6 6. Bxc6 Bxc6 7. Qd3 exd4 8.
Nxd4 Bd7 9. Bg5 Be7 10. O-O-O O-O 11. f3 Nd5 12. Bxe7 Nxe7 13. g4 Nc6 14. Nxc6
Bxc6 15. Qd4 Re8 16. h4 Re6 17. g5 Qe7 18. Rhg1 a5 19. Rd2 b5 20. Ne2 Re5 21.
Ng3 Rc5 22. Nf5 Qe5 23. Rgd1 Re8 24. a3 Bd7 25. Qxe5 Rcxe5 26. Ne3 Bc6 27. Nd5
Bxd5 28. Rxd5 f6 29. gxf6 gxf6 30. b3 Kf7 31. c4 bxc4 32. bxc4 Ke6 33. Rg1 Rb8
34. Rg7 Rb3 35. f4 1-0

[Event "OLNO 1718 LOK RAW Cottbus - TSG Obersch"]
[Site "?"]
[Date "2018.03.18"]
[Round "8.3"]
[White "Horn, Sven"]
[Black "Kunze, Kerstin"]
[Result "1/2-1/2"]
[WhiteElo "2137"]
[BlackElo "2082"]
[PlyCount "39"]
[EventDate "2018.??.??"]

1. e4 c5 2. Nf3 e6 3. d4 cxd4 4. Nxd4 a6 5. Be3 e5 6. Nf3 Nf6 7. Bc4 Qc7 8. Bb3
Be7 9. O-O O-O 10. Nc3 d6 11. Nd5 Nxd5 12. Bxd5 Bg4 13. h3 Bh5 14. g4 Bg6 15.
c3 Nd7 16. Bg5 Bxg5 17. Nxg5 h6 18. Nf3 Nc5 19. Qe2 Qe7 20. Ne1 1/2-1/2

[Event "OLNO 1718 LOK RAW Cottbus - TSG Obersch"]
[Site "?"]
[Date "2018.03.18"]
[Round "8.4"]
[White "Franzke, Alexander"]
[Black "Syre, Christian"]
[Result "0-1"]
[WhiteElo "2032"]
[BlackElo "2178"]
[PlyCount "76"]
[EventDate "2018.??.??"]

1. d4 d6 2. Bf4 g6 3. Nc3 Bg7 4. e4 Nc6 5. Nf3 Bg4 6. d5 Nd4 7. h3 Nxf3+ 8.
gxf3 Bd7 9. Qd2 c6 10. Bc4 Rc8 11. Nd1 b5 12. dxc6 Bxc6 13. Bb3 Nf6 14. Bh6
Bxh6 15. Qxh6 d5 16. e5 Nh5 17. Rg1 e6 18. Rg4 Qc7 19. Qg5 h6 20. Qe3 Ng7 21.
f4 Nf5 22. Qc5 h5 23. Rg5 Qe7 24. Qxe7+ Kxe7 25. c3 d4 26. Rc1 Rhd8 27. Kf1 Bf3
28. Ke1 Bxd1 29. Bxd1 dxc3 30. Rxc3 b4 31. Rxc8 Rxc8 32. Kd2 Rc4 33. Bc2 Rxf4
34. Bxf5 Rxf2+ 35. Ke3 Rxf5 36. Rxf5 exf5 37. h4 Ke6 38. Kd4 g5 0-1

[Event "OLNO 1718 LOK RAW Cottbus - TSG Obersch"]
[Site "?"]
[Date "2018.03.18"]
[Round "8.5"]
[White "Jauk, Wilhelm"]
[Black "Kirst, Julia"]
[Result "1/2-1/2"]
[WhiteElo "2119"]
[BlackElo "1951"]
[PlyCount "55"]
[EventDate "2018.??.??"]

1. d4 Nf6 2. Nf3 g6 3. c4 Bg7 4. Nc3 O-O 5. e4 d6 6. Be2 e5 7. dxe5 dxe5 8.
Qxd8 Rxd8 9. Bg5 Re8 10. Nd5 Nxd5 11. cxd5 Bd7 12. O-O c6 13. Bc4 b5 14. Bb3 a5
15. a3 Na6 16. Rfc1 Rac8 17. Be3 a4 18. Ba2 c5 19. b3 axb3 20. Bxb3 c4 21. Bc2
Bf8 22. Bd2 Bc5 23. Bc3 f6 24. Rcb1 Ra8 25. h3 Reb8 26. g4 h6 27. Kg2 Nc7 28.
Bb4 {(=)} 1/2-1/2

[Event "OLNO 1718 LOK RAW Cottbus - TSG Obersch"]
[Site "?"]
[Date "2018.03.18"]
[Round "8.6"]
[White "Lehmann, Alexander"]
[Black "Stark, Ingo"]
[Result "1-0"]
[WhiteElo "1996"]
[BlackElo "2148"]
[PlyCount "89"]
[EventDate "2018.??.??"]

1. e4 c5 2. c3 d5 3. exd5 Qxd5 4. d4 Nf6 5. Nf3 Bg4 6. Be2 e6 7. h3 Bh5 8. c4
Qd8 9. Nc3 cxd4 10. Nxd4 Bxe2 11. Qa4+ Nbd7 12. Ndxe2 Bc5 13. O-O O-O 14. Qc2
Rc8 15. Bg5 Qc7 16. Rac1 a6 17. Ne4 Be7 18. Nxf6+ Nxf6 19. Qd3 Rfd8 20. Qg3 Qc6
21. Bh6 Bf8 22. Be3 Ne4 23. Qh4 Bc5 24. Bxc5 Nxc5 25. Rfd1 f6 26. Nd4 Qd7 27.
Qg4 f5 28. Qe2 Qf7 29. f3 Rd6 30. Qe5 Rd7 31. b4 Qf6 32. Qxf6 gxf6 33. bxc5
Rcd8 34. Rb1 e5 35. Rb6 exd4 36. c6 bxc6 37. Rxc6 Rd6 38. Rxd6 Rxd6 39. Kf2 Kf7
40. Ke2 Ke6 41. Kd3 Ke5 42. g3 Rb6 43. f4+ Kd6 44. Kxd4 Rb2 45. Kc3+ 1-0

[Event "OLNO 1718 LOK RAW Cottbus - TSG Obersch"]
[Site "?"]
[Date "2018.03.18"]
[Round "8.8"]
[White "Lehmann, Rainer"]
[Black "Lange, Cecilia"]
[Result "1/2-1/2"]
[WhiteElo "2016"]
[BlackElo "1850"]
[PlyCount "61"]
[EventDate "2018.??.??"]

1. c4 c5 2. Nf3 Nf6 3. Nc3 Nc6 4. d4 cxd4 5. Nxd4 g6 6. e4 Nxd4 7. Qxd4 d6 8.
Bg5 Bg7 9. f3 O-O 10. Qd2 Bd7 11. Rc1 a6 12. b3 Rb8 13. Be2 b5 14. O-O Qb6+ 15.
Kh1 b4 16. Bxf6 Bxf6 17. Nd5 Qc5 18. Nxf6+ exf6 19. Rfd1 Rb6 20. Qf4 Kg7 21.
Rd5 Qf2 22. Qd2 Rc6 23. Bf1 Qxd2 24. Rxd2 Be6 25. Rcd1 Rd8 26. f4 Kf8 27. Be2
Ke7 28. e5 fxe5 29. fxe5 Rd7 30. Bf3 Rb6 31. Re1 {(=)} 1/2-1/2

[Event "OLNO 1718 SV Empor Berlin - TSG Neurupp"]
[Site "?"]
[Date "2018.04.15"]
[Round "9.1"]
[White "Schoene, Ralf"]
[Black "Thinius, Marco"]
[Result "0-1"]
[WhiteElo "2260"]
[BlackElo "2400"]
[PlyCount "82"]
[EventDate "2018.??.??"]

1. d4 Nf6 2. c4 g6 3. g3 c5 4. d5 b5 5. cxb5 a6 6. b6 d6 7. Bg2 Bg7 8. Nf3 Nbd7
9. Nc3 O-O 10. a4 a5 11. O-O Nxb6 12. h3 Ba6 13. Re1 Rb8 14. Nd2 Nfd7 15. f4
Nc4 16. Nxc4 Bxc4 17. Ra3 Rb4 18. e4 Qb6 19. Kh2 Rb8 20. Qc2 Qa6 21. Qd2 Bd4
22. g4 Rb3 23. Nb5 Rxa3 24. Nxa3 Bd3 25. Nb5 Bxb5 26. axb5 Qxb5 27. Re2 Qc4 28.
Bf1 Rb3 29. Rf2 Qb4 30. Qxb4 Rxb4 31. Rc2 g5 32. fxg5 Be5+ 33. Kg2 Rxe4 34. Bd2
Nb6 35. Bxa5 Nxd5 36. Bd2 Ne3+ 37. Kf3 Rf4+ 38. Kxe3 Rxf1 39. Bc3 Bf4+ 40. Ke4
Bxg5 41. Rh2 e6 0-1

[Event "OLNO 1718 SV Empor Berlin - TSG Neurupp"]
[Site "?"]
[Date "2018.04.15"]
[Round "9.2"]
[White "Foerster, Jonas"]
[Black "Heuer, Thomas"]
[Result "1-0"]
[WhiteElo "2274"]
[BlackElo "2109"]
[PlyCount "46"]
[EventDate "2018.??.??"]

1. Nf3 d5 2. d4 Nf6 3. c4 e6 4. Nc3 Be7 5. Bf4 O-O 6. e3 c5 7. dxc5 Bxc5 8. Qc2
Nc6 9. Rd1 Qa5 10. Be2 dxc4 11. Bxc4 Nb4 12. Qb3 Nbd5 13. O-O Nxc3 14. bxc3 Bd7
15. Qxb7 Qxc3 16. Bb3 Rad8 17. Ne5 Bc8 18. Qc6 Qa5 19. Rxd8 Rxd8 20. Nxf7 Bd7
21. Nh6+ gxh6 22. Bxe6+ Kg7 23. Bxd7 Rxd7 {ZÜ} 1-0

[Event "OLNO 1718 SV Empor Berlin - TSG Neurupp"]
[Site "?"]
[Date "2018.04.15"]
[Round "9.3"]
[White "Gropp, Andreas"]
[Black "Urban, Julian"]
[Result "1/2-1/2"]
[WhiteElo "2147"]
[BlackElo "2249"]
[PlyCount "146"]
[EventDate "2018.??.??"]

1. c4 b6 2. Nc3 Bb7 3. e4 e6 4. Nf3 Bb4 5. Bd3 Ne7 6. a3 Bxc3 7. dxc3 Nbc6 8.
Bg5 f6 9. Be3 Ng6 10. Qe2 Qe7 11. O-O-O O-O-O 12. c5 Kb8 13. Ba6 d6 14. cxb6
axb6 15. Nd4 Qd7 16. Bxb7 Kxb7 17. Qc4 Rhe8 18. Qxc6+ Qxc6 19. Nxc6 Kxc6 20.
Rhe1 Ra8 21. f4 Ra4 22. Rd4 Rea8 23. Rxa4 Rxa4 24. Bd2 b5 25. Kc2 Ne7 26. Kd3
d5 27. Bc1 Kd7 28. Re2 c5 29. exd5 exd5 30. Be3 c4+ 31. Kc2 Nc6 32. Bc5 Ra8 33.
Kd2 Re8 34. Rxe8 Kxe8 35. Ke3 f5 36. Bd6 Kd7 37. Bf8 g6 38. Bc5 Ke6 39. Bb6 Kd6
40. Kf3 Nb8 41. Ke3 Nd7 42. Bd4 Nf8 43. Kd2 Ne6 44. g3 Kc6 45. Kc2 Kb7 46. b4
h5 47. h4 Kc6 48. Kd2 Nd8 49. Ke3 Nf7 50. Bc5 Nd8 51. Bd4 Kd7 52. Kf3 Nb7 53.
Be5 Nd8 54. Bd4 Ke6 55. Ke3 Nf7 56. Bc5 Nd8 57. Bd4 Nc6 58. Bc5 d4+ 59. Bxd4
Kd5 60. Bc5 Nb8 61. Ba7 Nc6 62. Bc5 Nd8 63. Bd4 Nf7 64. Bc5 Nh6 65. Bd4 Ng4+
66. Kf3 Nh6 67. Ke3 Ng8 68. Kf3 Ne7 69. Bc5 Nc6 70. Ke3 Nb8 71. Ba7 Na6 72. Bb6
Nb8 73. Ba7 Nc6 1/2-1/2